000
002800000a22000970004500
100
1
_a
Tamez, Elsa
245
1
0
_a
Educación teológica : Compañerismo, conversasión y comunión
300
_a
Vol. 18, Num 1. (Junio, 1998), Páginas 5-15
773
0
_t
Vida y pensamiento
942
_c
ANA
999
_c
53084
_d
53084